LEADER 00948nam0 2200277 450 001 000003514 005 20050630115900.0 010 $a88-244-5058-X 100 $a--------d2000----km-y0itay50------ba 101 $aita 102 $aIT 200 1 $aCodice della navigazione (marittima, interna ed aerea)$eregolamenti, leggi complementari, convenzioni internazionali: aggiornato al D.Lgs. 30/12/1999, n. 507$fa cura di Alfredo De Filippis, Fulvio Troncone 205 $a2. ed. 210 $a[Napoli]$cEdizioni giuridiche Simone$d2000 215 $a938 p.$d21 cm 300 $aSeguono: appendici 610 1 $aCodice della navigazione 676 $a343.4509602632 702 1$aDe Filippis,$bAlfredo 702 1$aTroncone,$bFulvio 710 01$aItalia$0423419 801 0$aIT $bUNIPARTHENOPE $gRICA $2UNIMARC 912 $a000003514 951 $cNAVA1$a348-C/78$b35091$d20020130 996 $aCodice della navigazione$937195 997 $aUNIPARTHENOPE